Most Populous Indian Ocean Islands - Statistics

General Stats
  • This quiz has been taken 476 times
    177 since last reset
  • The average score is 11 of 19
Answer Stats
Population Country Island % Correct
21,919,000 Sri Lanka Sri Lanka
98%
31,964,956 Madagascar Madagascar
95%
156,391,145 Indonesia Java
92%
60,795,669 Indonesia Sumatra
84%
23,720,000 Indonesia, Malaysia, Brunei Borneo
83%
1,265,475 Mauritius Mauritius
75%
5,917,600 Singapore Singapore
75%
4,404,300 Indonesia Bali
73%
20,160,000 Indonesia Sulawesi
73%
1,095,000 Bahrain Bahrain
65%
3,311,735 Indonesia, East Timor Timor
63%
23,729,378 India Salsette
46%
1,962,405 Indonesia Flores
41%
1,346,332 Tanzania Unguja (Zanzibar)
39%
3,963,842 Indonesia Lombok
30%
1,626,517 Indonesia Sumbawa
20%
1,256,610 Indonesia Batam
10%
4,060,713 Indonesia Madura
10%
1,800,000 Bangladesh Bhola
6%
No matching quizzes found
Score Distribution
Percent of People with Each Score
Percentile by Number Answered
Your Score History
You have not taken this quiz since the last reset